00245 a2200097 4500001000700000040003500007240004700042245004200089300000700131362000900138151093 cEscola São Tomás de Aquino10aHistórias para pensar com a barrigalpor10aHistórias para pensar com a barriga a470 a1998